|
|
|
|
| LEADER |
00000nab a2200000 a 4500 |
| 001 |
vtls000267168 |
| 003 |
SK-MaSNL |
| 005 |
20260304070305.0 |
| 008 |
250423c1987 xo 0 slo |
| 015 |
|
|
|a SNBRB19rr/mm-uuuuu
|
| 035 |
|
|
|a CL0277282
|
| 035 |
|
|
|a urn:nbn:sk:snk-abbggv
|
| 035 |
|
|
|a (urnnbn)urn:nbn:sk:snk:ar-004765
|
| 035 |
|
|
|a (uuid)5722ae34-9041-4460-9b82-f67ac815c7c1
|
| 040 |
|
|
|a SNKBUCL
|b slo
|c SNKBUCL
|e AACR2
|
| 041 |
0 |
|
|a slo
|
| 044 |
|
|
|a xo
|c SK
|
| 080 |
|
|
|a 860 (85)-3
|2 1981
|
| 100 |
1 |
|
|a Vargas Llosa, Mario,
|d 1936-2025
|4 aut
|9 255347
|
| 245 |
1 |
0 |
|a Súboj
|c Mario Vargas Llosa ; Zuzana Neviďánska
|
| 650 |
0 |
7 |
|a poviedky psychologické
|2 snkbucl
|9 893883
|
| 655 |
|
7 |
|a články z novín a časopisov
|2 snkbucl
|9 267496
|
| 655 |
|
7 |
|a články z odboru literárna veda a krásna literatúra
|2 snkbucl
|9 770045
|
| 700 |
1 |
|
|a Neviďánska, Zuzana
|4 trl
|9 922784
|
| 773 |
0 |
|
|t Revue svetovej literatúry
|g Roč. 23, č. 1 (1987), s. 30-36
|
| 850 |
|
|
|a Slovenská národná knižnica
|
| 852 |
|
|
|a Slovenská národná knižnica
|
| 958 |
|
|
|a article15
|
| 958 |
|
|
|a RK
|
| 958 |
|
|
|a LX
|
| 958 |
|
|
|a OND
|
| 958 |
|
|
|a EUIPO
|
| 999 |
|
|
|c 2755113
|d 2757043
|